Australian Universities Group of Eight - Statistics

General Stats
  • This quiz has been taken 435 times
  • The average score is 6 of 8
Answer Stats
University % Correct
University of Sydney
93%
University of Melbourne
90%
University of New South Wales
76%
University of Queensland
72%
Monash University
68%
University of Adelaide
68%
Australian National University
62%
University of Western Australia
57%
No matching quizzes found
Score Distribution
Percent of People with Each Score
Percentile by Number Answered
Your Score History
You have not taken this quiz